<The> McGraw-Hill dictionary of modern economics <a> handbook of terms and organizations
Gespeichert in:
| Format: | Buch |
|---|---|
| Sprache: | Englisch |
| Veröffentlicht: |
New York
McGraw-Hill
1973
|
| Ausgabe: | 2. ed. |
| Tags: |
Keine Tags, Fügen Sie das erste Tag hinzu!
|
MARC
| LEADER | 00000nam a2200000 4500 | ||
|---|---|---|---|
| 001 | c119343 | ||
| 005 | 20221207065831.6 | ||
| 041 | 0 | |a eng | |
| 044 | |a US | ||
| 245 | 1 | 0 | |a <The> McGraw-Hill dictionary of modern economics |b <a> handbook of terms and organizations |
| 250 | |a 2. ed. | ||
| 264 | 1 | |a New York |b McGraw-Hill |c 1973 | |
| 300 | |a 791 s. | ||